LEADER 01053nam a2200265 i 4500 001 000000258662 003 CaOOAMICUS 005 20210907140812.0 008 180528s1993 it u000 u eng u 013 $a237570 020 $a88-435-4376-8 040 $aSeMil$bita 245 00$aFrancis Bacon /$cedited by Rudy Chiappini. 264 1$aMilano :$bElecta,$c1993. 300 $a180 p. :$bill. ;$c28 cm. 500 $aCatalogo della mostra realizzata al Museo d'Arte Moderna, Cittą di Lugano, 7 marzo - 30 maggio 1993. 600 14$aBacon, Francis <1909-1992>.$0(OLS)http://semarc/subject/50929 700 1 $aChiappini, Rudy.$0(OLS)http://semarc/name/51755 850 $aSeMil 852 $aSeMil$W1$xVenegono$y1$m5J VII 33$j209008$B209008$CSeMilBibl$Z2$F222703 $81 961 $aOmaggio: Giacomoni Silvia 996 $6020$a88-435-4376-8$9(OLS)http://semarc/number/284040 996 $6245$aFrancis Bacon$9(OLS)http://semarc/title/159132 996 $6264$aMilano :$bElecta$9(OLS)http://semarc/publisher/29711 LEADER 01088nam a2200229 i 4500 001 000000215988 003 CaOOAMICUS 005 20251218150405.0 008 160401s1858 it u000 u lat u 013 $a194863 040 $aSeMil$bita 245 10$aOfficia a clericis regularibus Congregationis de Somascha recitanda. 260 $aModoetiae :$bEx Typographeo Instituti Paulinorum,$c1858. 300 $aVI, 192 p., [1] c. di tav. :$bill. ;$c20 cm. 650 4$aLibri liturgici - Messale romano - Propri religiosi.$0(OLS)http://semarc/subject/7345 650 4$aSomaschi - Breviari, messali, processionali, collettari, etc.$0(OLS)http://semarc/subject/40218 710 2 $aBarnabiti .$0(OLS)http://semarc/name/1748 850 $aSeMil 852 $aSeMil$W1$xVenegono$y1$m3K III 134 FA$j166408$B166408$CSeMilBibl$Z2$F177310 $8I 996 $6245$aOfficia a clericis regularibus Congregationis de Somascha recitanda$9(OLS)http://semarc/title/310775 996 $6260$aModoetiae :$bEx Typographeo Instituti Paulinorum$9(OLS)http://semarc/publisher/52992